Online Catalogue and eLibrary

Education in India(1781-1985) (Record no. 4606)

MARC details
000 -LEADER
fixed length control field 00389nam a2200145Ia 4500
005 - DATE AND TIME OF LATEST TRANSACTION
control field 20240604043038.0
008 - FIXED-LENGTH DATA ELEMENTS--GENERAL INFORMATION
fixed length control field 240331s9999 xx 000 0 und d
082 ## - DDC Classification
Item Number - Author Mark KAU
Class No. 370
100 ## - MAIN ENTRY--PERSONAL NAME
Personal name Kaur,K
245 #0 - TITLE STATEMENT
Title Education in India(1781-1985)
260 ## - PUBLICATION, DISTRIBUTION, ETC.
Place of publication, distribution, etc. Chandigarh
Name of publisher, distributor, etc. Centre for Research in Rural and Industrial Development
Date of publication, distribution, etc. 1985
300 ## - PHYSICAL DESCRIPTION
Extent (e.g. Volumes, Pages etc.) 543 p.,
650 ## - SUBJECT ADDED ENTRY--TOPICAL TERM
Topical term or geographic name entry element Education
942 ## - Koha item type (Biblio)
Koha item type Books in Stacks (Lending)
Holdings
Lost status Damaged status Collection code Home library Current library Shelving location Date acquired Full call number Accession Number Item type
    Lending WERC Library WERC Library Social Science Cupboard 03/31/2024 370 KAU 6545 Books in Stacks (Lending)

© WERC Library